000 00836nas a2200289Ia 4500
001 105
003 CO-MdFUSB
005 20170406104259.0
008 151030s9999 xxu 000 0 s d
037 _bCongreso Mundial Menonita
040 _aCO-MdFUSB
_bspa
_cCO-MdFUSB
_dCO-MdFUSB
_erda
041 0 _aspa
_hspa
245 1 0 _aCourrier, Correo, Courier
_cCongreso Mundial Menonita
260 _aScottsdale
264 _aEstados Unidos :
_bCongreso Mundial Menonita
300 _aVolumen 3 - 4
_c28 cm
310 _aNo aplica
_b2008
336 _2rdacontent
_a1
_ba1
337 _2rdamedia
_a2
_b5
338 _a2
362 _a2008 - 2009
546 _aTexto en espaƱol
650 _vPublicaciones seriadas
773 _dScottsdale, Estados Unidos : Congreso Mundial Menonita 2008
810 _hRevista
942 _cCR
_2ddc
_a3
999 _c49406
_d49406